| 000 | 00945nmm a2200313 a 4500 | ||
|---|---|---|---|
| 001 | ocm0001062021 | ||
| 003 | TR-IsHL | ||
| 005 | 20201028150936.0 | ||
| 008 | 150603s2014 tu tur | ||
| 007 | cr cn | ||
| 020 | _a9786054749324 | ||
| 035 |
_a1062021 _b(N$T) |
||
| 050 | 0 | 4 |
_aHF5415 _b.M83 2014 |
| 090 | 0 | 4 |
_aHF5415 _b.M83 2014 |
| 100 | 1 | _aMucuk, İsmet | |
| 245 | 1 | 0 |
_aPazarlama ilkeleri _h[electronic resource] / _cİsmet Mucuk |
| 250 | _a20. basım | ||
| 260 |
_aİstanbul : _bTürkmen Kitabevi, _c2014 |
||
| 300 | _a465 p. | ||
| 500 |
_aKaynakça var. _x |
||
| 650 | 4 | _aEkonomi ve Finans | |
| 650 | 4 | _aEconomics and Finance | |
| 650 | 0 | _aMarketing | |
| 650 | 0 | _aPazarlama | |
| 650 | 0 |
_aMarketing _xTurkey |
|
| 650 | 0 |
_aPazarlama _xTürkiye |
|
| 650 | 7 |
_aBUSINESS & ECONOMICS / Marketing / General _2bisacsh |
|
| 856 | 4 | 0 | _uhttp://search.ebscohost.com/login.aspx?direct=true&scope=site&db=e011xww&AN=1062021 |
| 999 |
_c10746 _d10746 |
||